Państwa z najlepszą opieką medyczną - Statystyki

Ogólne statystyki
  • Ten quiz został rozwiązany 821 razy
  • Średni wynik to 48 z 60
Statystyki odpowiedzi
Choroba Lp Państwo % Poprawnych
5. Stany Zjednoczone
97%
7. Stany Zjednoczone
97%
4. Stany Zjednoczone
97%
7. Niemcy
96%
10. Niemcy
96%
6. Polska
95%
10. Kanada
92%
3. Kanada
92%
8. Kanada
92%
2. Japonia
90%
5. Japonia
90%
5. Japonia
90%
Udar krwotoczny 1. Japonia
90%
Udar niedokrwienny 1. Japonia
90%
9. Norwegia
90%
3. Norwegia
90%
4. Norwegia
90%
5. Norwegia
90%
5. Norwegia
90%
8. Szwecja
90%
4. Szwecja
90%
8. Szwecja
90%
5. Szwecja
90%
6. Szwecja
90%
9. Szwecja
90%
9. Finlandia
84%
10. Finlandia
84%
2. Finlandia
84%
6. Finlandia
84%
7. Szwajcaria
84%
10. Włochy
84%
10. Włochy
84%
4. Australia
82%
2. Australia
82%
7. Australia
82%
2. Australia
82%
9. Holandia
80%
6. Belgia
78%
10. Dania
78%
Zawał serca 1. Dania
78%
9. Dania
78%
3. Dania
78%
6. Austria
77%
4. Austria
77%
7. Austria
77%
Rak jelita 1. Korea Południowa
77%
Rak macicy 1. Korea Południowa
77%
3. Korea Południowa
77%
2. Korea Południowa
77%
6. Islandia
66%
4. Islandia
66%
9. Islandia
66%
8. Islandia
66%
7. Nowa Zelandia
64%
3. Nowa Zelandia
64%
3. Izrael
39%
8. Izrael
39%
2. Izrael
39%
8. Izrael
39%
Rak piersi 1. Kamerun
4%
Nie znaleziono quizów pasujących do podanych kryteriów
Rozkład punktacji
Procent ludzi z każdym wynikiem
Percentyl według liczby udzielonych odpowiedzi
Twoja historia wyników
Nie rozwiązałeś tego quizu